000 00312nam a2200133Ia 4500
008 191201s2003 xx 000 0 und d
100 _aBrey, Barry B
245 4 _aThe Intel Microprocessors
250 _a6th
260 _c2003
_bPearson Education
_aN.Delhi
300 _a1024
650 _aECE
942 _2ddc
_cBB
999 _c7249
_d7249